[Event "Asia-ch (Women)"]
[Site "Al Ain"]
[Date "2025.05.15"]
[Round "9"]
[White "Zhapova, Yana"]
[Black "Girya, Olga"]
[Result "1/2-1/2"]
[WhiteElo "2258"]
[BlackElo "2400"]
[PlyCount "74"]
[EventDate "2025.05.07"]
[EventType "swiss"]
[EventRounds "9"]
[EventCountry "UAE"]
[SourceTitle "CB21_2025"]
[SourceDate "2025.05.21"]
[SourceVersion "1"]
[SourceVersionDate "2025.05.21"]
[SourceQuality "1"]

1. e4 e5 2. Nf3 Nc6 3. Bc4 Bc5 4. d3 Nf6 5. Bg5 h6 6. Bh4 d6 7. c3 a6 8. a4 Ba7 9. Nbd2 Qe7 10. 0-0 0-0 11. b4 Be6 12. Bd5 Nd8 13. d4 g5 14. dxe5 Nxd5 15. exd5 Bxd5 16. exd6 cxd6 17. Re1 Be6 18. Bg3 f5 19. h3 f4 20. Bh2 Rc8 21. c4 Qg7 22. Ne4 Rxc4 23. b5 g4 24. hxg4 Bxg4 25. Ra3 Ne6 26. Qd5 Rc2 27. Ned2 Bh3 28. Nh4 Qd4 29. Qxd4 Nxd4 30. Rxh3 Rxd2 31. Ng6 Ne2+ 32. Kf1 Ng3+ 33. fxg3 fxg3+ 34. Nxf8 Rf2+ 35. Kg1 Re2+ 36. Kf1 Rf2+ 37. Kg1 Re2+ 1/2-1/2

[Event "Asia-ch (Women)"]
[Site "Al Ain"]
[Date "2025.05.07"]
[Round "1"]
[White "Dorokhina, Elizaveta"]
[Black "Girya, Olga"]
[Result "1/2-1/2"]
[WhiteElo "2135"]
[BlackElo "2400"]
[PlyCount "38"]
[EventDate "2025.05.07"]
[EventType "swiss"]
[EventRounds "9"]
[EventCountry "UAE"]
[SourceTitle "CB21_2025"]
[SourceDate "2025.05.21"]
[SourceVersion "1"]
[SourceVersionDate "2025.05.21"]
[SourceQuality "1"]

1. d4 Nf6 2. c4 e6 3. Nf3 d5 4. Nc3 Be7 5. g3 0-0 6. Bg2 dxc4 7. Ne5 c5 8. dxc5 Qxd1+ 9. Nxd1 Bxc5 10. 0-0 Nd5 11. Ne3 Bxe3 12. Bxe3 Nxe3 13. fxe3 c3 14. bxc3 f6 15. Nd3 Rf7 16. Rad1 Nc6 17. c4 Na5 18. c5 Nc4 19. Kf2 Rb8 1/2-1/2

[Event "RUS-chT (Women)"]
[Site "Sochi"]
[Date "2025.04.26"]
[Round "1.1"]
[White "Girya, Olga"]
[Black "Kovanova, Baira"]
[Result "1-0"]
[WhiteElo "2400"]
[BlackElo "2312"]
[PlyCount "81"]
[EventDate "2025.04.26"]
[EventType "team-swiss"]
[EventRounds "9"]
[EventCountry "RUS"]
[SourceTitle "CB19_2025"]
[SourceDate "2025.05.07"]
[SourceVersion "1"]
[SourceVersionDate "2025.05.07"]
[SourceQuality "1"]
[WhiteTeam "Altay Region Kaissa (W)"]
[BlackTeam "Moscow Region (W)"]
[WhiteTeamCountry "RUS"]
[BlackTeamCountry "RUS"]

1. d4 Nf6 2. c4 e6 3. Nc3 Bb4 4. Qc2 0-0 5. e3 b6 6. Bd3 Bb7 7. e4 c5 8. d5 b5 9. b3 d6 10. Nge2 Nbd7 11. 0-0 bxc4 12. bxc4 Ne5 13. Nd1 Nfd7 14. Bb2 Re8 15. Ne3 Nxd3 16. Qxd3 Ne5 17. Bxe5 dxe5 18. Rfd1 Rb8 19. Rab1 Ba6 20. Ng3 Qa5 21. a3 Bc3 22. dxe6 fxe6 23. Rxb8 Rxb8 24. Qd7 Kh8 25. Qxa7 Rf8 26. Nh5 Rg8 27. Qf7 Bd4 28. Ng4 Qa4 29. Re1 Qe8 30. Nh6 Bxc4 31. Qxg8+ Qxg8 32. Nxg8 Kxg8 33. Rb1 Bd3 34. Rb8+ Kf7 35. Rb7+ Kg6 36. g4 Kg5 37. Rxg7+ Kh4 38. Ng3 c4 39. Nf1 c3 40. Ne3 Bxe4 41. Rc7 1-0

[Event "Titled Tuesday intern op 01st Apr Late"]
[Site "Chess.com INT"]
[Date "2025.04.01"]
[Round "2"]
[White "Bluebaum, Matthias"]
[Black "Girya, Olga"]
[Result "1-0"]
[WhiteElo "2662"]
[BlackElo "2400"]
[PlyCount "63"]
[EventDate "2025.04.01"]
[EventType "swiss (blitz)"]
[EventRounds "11"]
[EventCountry "USA"]
[SourceTitle "CB21_2025"]
[SourceDate "2025.05.21"]
[SourceVersion "1"]
[SourceVersionDate "2025.05.21"]
[SourceQuality "1"]

1. d4 Nf6 2. c4 e6 3. Nc3 Bb4 4. e3 0-0 5. Bd2 d5 6. Nf3 b6 7. cxd5 exd5 8. Rc1 Bd6 9. Nb5 c5 10. dxc5 bxc5 11. Bc3 Be7 12. Bxf6 Bxf6 13. Rxc5 Na6 14. Rc2 Qa5+ 15. Qd2 Qxa2 16. Nfd4 Qb1+ 17. Rc1 Qg6 18. h4 Bd7 19. h5 Qe4 20. Nc3 Qg4 21. Bxa6 Qxg2 22. Rf1 Rab8 23. Be2 Bh3 24. Nc6 Bxc3 25. Rxc3 Rb7 26. e4 Qh2 27. exd5 Bxf1 28. Bxf1 Qxh5 29. Re3 Qg5 30. d6 Qf6 31. d7 Rxb2 32. d8Q 1-0

[Event "Titled Tuesday intern op 01st Apr Late"]
[Site "Chess.com INT"]
[Date "2025.04.01"]
[Round "5"]
[White "Girya, Olga"]
[Black "Clawitter, Craig"]
[Result "1-0"]
[WhiteElo "2400"]
[BlackElo "2050"]
[PlyCount "47"]
[EventDate "2025.04.01"]
[EventType "swiss (blitz)"]
[EventRounds "11"]
[EventCountry "USA"]
[SourceTitle "CB15_2025"]
[SourceDate "2025.04.09"]
[SourceVersion "1"]
[SourceVersionDate "2025.04.09"]
[SourceQuality "1"]

1. d4 e6 2. c4 Nf6 3. Nf3 d5 4. Bg5 dxc4 5. e4 c5 6. Nc3 b5 7. Bxf6 gxf6 8. Nxb5 Qa5+ 9. Nc3 Ba6 10. d5 Nd7 11. dxe6 fxe6 12. Nd2 0-0-0 13. Nxc4 Bxc4 14. Bxc4 Ne5 15. Qb3 Nd3+ 16. Bxd3 Rxd3 17. Qxe6+ Kc7 18. 0-0 Bd6 19. Nd5+ Kc6 20. b4 Qd8 21. bxc5 Kxc5 22. Rfc1+ Kd4 23. Nxf6 Rc3 24. Qd5# 1-0

[Event "Titled Tuesday intern op 01st Apr Late"]
[Site "Chess.com INT"]
[Date "2025.04.01"]
[Round "9"]
[White "Girya, Olga"]
[Black "Shuvalov, Evgenij"]
[Result "1-0"]
[WhiteElo "2400"]
[BlackElo "1986"]
[PlyCount "121"]
[EventDate "2025.04.01"]
[EventType "swiss (blitz)"]
[EventRounds "11"]
[EventCountry "USA"]
[SourceTitle "CB15_2025"]
[SourceDate "2025.04.09"]
[SourceVersion "1"]
[SourceVersionDate "2025.04.09"]
[SourceQuality "1"]

1. d4 Nf6 2. Nf3 g6 3. Bg5 Bg7 4. Nbd2 c5 5. e3 cxd4 6. exd4 d5 7. c3 Nc6 8. Bd3 0-0 9. 0-0 Bg4 10. Re1 e6 11. h3 Bxf3 12. Nxf3 Qb6 13. Qb3 Nd7 14. h4 Qxb3 15. axb3 a5 16. Bb5 Rfc8 17. Ra2 Nf6 18. Rea1 b6 19. b4 Ne4 20. Bxc6 Rxc6 21. bxa5 Rxa5 22. Rxa5 bxa5 23. Rxa5 h6 24. Be7 Rb6 25. Bb4 Rb8 26. Ra7 f6 27. Ne1 Bf8 28. Bxf8 Kxf8 29. Nd3 h5 30. f3 Nd6 31. Nf4 Rxb2 32. Nxe6+ Ke8 33. Nc7+ Kd7 34. Nxd5+ Ke6 35. Nf4+ Kf5 36. g3 Rb5 37. Rc7 g5 38. Ne2 Rb2 39. Kf2 g4 40. Rc5+ Ke6 41. Ke3 Nf5+ 42. Kf2 Nxg3 43. Kxg3 Rxe2 44. fxg4 hxg4 45. Kxg4 Re1 46. Rc6+ Kf7 47. h5 Rg1+ 48. Kf4 Rh1 49. Rc7+ Ke6 50. Rc6+ Kf7 51. d5 Rh4+ 52. Ke3 Rxh5 53. Rc7+ Kg6 54. Kd4 Rh4+ 55. Kc5 Rh3 56. c4 Rd3 57. d6 f5 58. Rc8 Kf7 59. Kc6 f4 60. d7 f3 61. d8Q 1-0

[Event "Moscow Blondes-Brunettes m 14th"]
[Site "Moscow"]
[Date "2025.03.19"]
[Round "7.2"]
[White "Girya, Olga"]
[Black "Bogumil, Tatiana"]
[Result "1-0"]
[WhiteElo "2398"]
[BlackElo "2060"]
[PlyCount "90"]
[EventDate "2025.03.19"]
[EventType "schev (blitz)"]
[EventRounds "10"]
[EventCountry "RUS"]
[SourceTitle "CB13_2025"]
[SourceDate "2025.03.26"]
[SourceVersion "1"]
[SourceVersionDate "2025.03.26"]
[SourceQuality "1"]
[WhiteTeam "Blondes (W)"]
[BlackTeam "Brunettes (W)"]
[WhiteTeamCountry "RUS"]
[BlackTeamCountry "RUS"]

1. d4 Nf6 2. Nf3 c5 3. d5 d6 4. c4 b5 5. cxb5 a6 6. bxa6 Bxa6 7. Nc3 Qa5 8. Bd2 Nbd7 9. a4 Qb6 10. Qc2 g6 11. g3 Bg7 12. Bg2 0-0 13. 0-0 Rfb8 14. Rfb1 Qb3 15. Qxb3 Rxb3 16. a5 Rab8 17. Bc1 Ng4 18. Nd2 R3b7 19. Bf1 Nge5 20. b3 Nf3+ 21. exf3 Bxf1 22. Kxf1 Bxc3 23. Ra2 Bxd2 24. Bxd2 Rxb3 25. Rxb3 Rxb3 26. a6 Rb8 27. Bc3 f6 28. Ke2 Ra8 29. a7 Kf7 30. Ra6 Ke8 31. Ba5 Ne5 32. Bc7 Kd7 33. Bb8 Nf7 34. Rb6 Nd8 35. Kd3 Kc8 36. Kc4 Kd7 37. f4 f5 38. h3 Kc8 39. g4 Kd7 40. g5 Kc8 41. h4 Kd7 42. Rb1 e6 43. h5 exd5+ 44. Kxd5 Nc6 45. Rb7+ Kc8 1-0

[Event "Samarkand (Women) op 3rd"]
[Site "Samarkand"]
[Date "2025.03.12"]
[Round "4"]
[White "Mohammadi, Melika"]
[Black "Girya, Olga"]
[Result "1/2-1/2"]
[WhiteElo "2181"]
[BlackElo "2398"]
[PlyCount "73"]
[EventDate "2025.03.09"]
[EventType "swiss"]
[EventRounds "9"]
[EventCountry "UZB"]
[SourceTitle "CB13_2025"]
[SourceDate "2025.03.26"]
[SourceVersion "1"]
[SourceVersionDate "2025.03.26"]
[SourceQuality "1"]

1. e4 e5 2. Nf3 Nc6 3. Bb5 a6 4. Ba4 Nf6 5. 0-0 Nxe4 6. d4 b5 7. Bb3 d5 8. dxe5 Be6 9. Nbd2 Be7 10. c3 Qd7 11. Bc2 Bf5 12. Nb3 Bg6 13. Re1 Rd8 14. Bf4 0-0 15. Nfd4 Nxd4 16. cxd4 c5 17. Bxe4 dxe4 18. dxc5 Qf5 19. Qc1 Rd3 20. Bg3 Bg5 21. Qc2 h5 22. h4 Be7 23. Kh2 Rc8 24. Rac1 a5 25. Qe2 a4 26. Nd2 Rxc5 27. Rxc5 Bxc5 28. Nxe4 Qxe4 29. Qxe4 Bxe4 30. Rxe4 Rd2 31. e6 fxe6 32. Re5 Bd4 33. Rxb5 Bxb2 34. Rxh5 Bf6 35. a3 Rd3 36. Ra5 Rxa3 37. h5 1/2-1/2

[Event "Samarkand (Women) op 3rd"]
[Site "Samarkand"]
[Date "2025.03.10"]
[Round "2"]
[White "Girya, Olga"]
[Black "Kalyani, Sirin"]
[Result "1-0"]
[WhiteElo "2398"]
[BlackElo "2142"]
[PlyCount "83"]
[EventDate "2025.03.09"]
[EventType "swiss"]
[EventRounds "9"]
[EventCountry "UZB"]
[SourceTitle "CB13_2025"]
[SourceDate "2025.03.26"]
[SourceVersion "1"]
[SourceVersionDate "2025.03.26"]
[SourceQuality "1"]

1. d4 Nf6 2. c4 g6 3. Nc3 d5 4. Nf3 Bg7 5. e3 0-0 6. Qb3 e6 7. Be2 dxc4 8. Qxc4 Nbd7 9. 0-0 Nb6 10. Qb3 Qe7 11. e4 a5 12. Bf4 Nh5 13. Bg5 f6 14. Be3 a4 15. Qc2 f5 16. exf5 exf5 17. Rfe1 Qd8 18. d5 a3 19. Rad1 Kh8 20. b4 Bd7 21. Bd4 Bxd4 22. Nxd4 Ng7 23. Nc6 bxc6 24. dxc6 Qh4 25. cxd7 Qxb4 26. Rd2 Rad8 27. Red1 Qe7 28. Nd5 Nxd5 29. Rxd5 Ne6 30. Bb5 Rb8 31. Qc3+ Qg7 32. Qxa3 Rfd8 33. Qe3 Qf6 34. Re5 Nf8 35. Red5 Ne6 36. a4 f4 37. Qe4 Ng5 38. Rxg5 Qxg5 39. Qd4+ Kg8 40. Bc4+ Kf8 41. Qh8+ Ke7 42. Qg7# 1-0

[Event "Titled Tuesday intern op 04th Feb Early"]
[Site "Chess.com INT"]
[Date "2025.02.04"]
[Round "8"]
[White "Girya, Olga"]
[Black "Saya, Ethan"]
[Result "1-0"]
[WhiteElo "2398"]
[BlackElo "2228"]
[PlyCount "77"]
[EventDate "2025.02.04"]
[EventType "swiss (blitz)"]
[EventRounds "11"]
[EventCountry "USA"]
[SourceTitle "CB07_2025"]
[SourceDate "2025.02.12"]
[SourceVersion "1"]
[SourceVersionDate "2025.02.12"]
[SourceQuality "1"]

1. d4 d5 2. Nf3 Nf6 3. c4 c6 4. Qb3 dxc4 5. Qxc4 Bf5 6. g3 e6 7. Bg2 Nbd7 8. 0-0 Be7 9. Nbd2 Ne4 10. Qb3 Qb6 11. Nc4 Qxb3 12. axb3 0-0 13. Nh4 Bxh4 14. gxh4 Nef6 15. Na5 Rab8 16. Bf4 Ra8 17. Nxb7 Be4 18. f3 Bd5 19. b4 Bc4 20. Kf2 Nd5 21. Bd6 Rfc8 22. Rfc1 Bb5 23. e4 N5b6 24. b3 Nf6 25. Ra5 Ne8 26. Bf4 a6 27. Ra2 Ra7 28. Na5 Nd7 29. Rac2 Nb8 30. d5 exd5 31. exd5 Nf6 32. dxc6 Nd5 33. Bh3 Nxf4 34. Bxc8 Nd3+ 35. Ke3 Nxc1 36. c7 Nd7 37. Bxd7 Bxd7 38. c8Q+ Bxc8 39. Rxc8# 1-0

[Event "Titled Tuesday intern op 04th Feb Early"]
[Site "Chess.com INT"]
[Date "2025.02.04"]
[Round "10"]
[White "Jaiveer, Mahendru"]
[Black "Girya, Olga"]
[Result "0-1"]
[WhiteElo "2251"]
[BlackElo "2398"]
[PlyCount "34"]
[EventDate "2025.02.04"]
[EventType "swiss (blitz)"]
[EventRounds "11"]
[EventCountry "USA"]
[SourceTitle "CB07_2025"]
[SourceDate "2025.02.12"]
[SourceVersion "1"]
[SourceVersionDate "2025.02.12"]
[SourceQuality "1"]

1. f4 d5 2. Nf3 Nf6 3. g3 g6 4. Bg2 Bg7 5. 0-0 0-0 6. d3 Re8 7. Qe1 Nc6 8. e4 e5 9. fxe5 Nxe5 10. Nxe5 Rxe5 11. d4 Rxe4 12. Bxe4 Nxe4 13. Nc3 Bh3 14. Rf3 Bxd4+ 15. Kh1 Qd7 16. Ne2 Bb6 17. Be3 Bg4 0-1

[Event "Titled Tuesday intern op 04th Feb Early"]
[Site "Chess.com INT"]
[Date "2025.02.04"]
[Round "11"]
[White "Kakavand, Ramtin1"]
[Black "Girya, Olga"]
[Result "1-0"]
[WhiteElo "2106"]
[BlackElo "2398"]
[PlyCount "111"]
[EventDate "2025.02.04"]
[EventType "swiss (blitz)"]
[EventRounds "11"]
[EventCountry "USA"]
[SourceTitle "CB07_2025"]
[SourceDate "2025.02.12"]
[SourceVersion "1"]
[SourceVersionDate "2025.02.12"]
[SourceQuality "1"]

1. e4 e5 2. Nf3 Nc6 3. Bb5 a6 4. Ba4 Nf6 5. d3 Bc5 6. 0-0 0-0 7. Bxc6 bxc6 8. Nxe5 d5 9. d4 Bd6 10. Nxc6 Qe8 11. exd5 Nxd5 12. Na5 Qe4 13. Nc3 Nxc3 14. bxc3 Bf5 15. Nc4 Qxc2 16. Qxc2 Bxc2 17. Nxd6 cxd6 18. Ba3 Rfd8 19. Rfe1 Bd3 20. f3 Rac8 21. Rac1 Rd7 22. Re3 Bc4 23. Rce1 h5 24. Ra1 f6 25. Kf2 a5 26. h4 Kf7 27. Rb1 Bxa2 28. Rb6 Rdc7 29. Bxd6 Rxc3 30. Re7+ Kg6 31. Rbb7 Rc2+ 32. Kg3 Rg8 33. Ra7 Bc4 34. Re1 Ra2 35. Kh3 Rd8 36. Bc5 Bd5 37. Re3 a4 38. g4 hxg4+ 39. fxg4 Kh7 40. h5 Bc6 41. Ree7 Rg8 42. Rec7 Be4 43. Bd6 Bd5 44. Be7 Rf2 45. Rxa4 Rf3+ 46. Kh2 Rf4 47. Kg3 Re4 48. Bxf6 Be6 49. g5 Rg4+ 50. Kf3 Rh4 51. g6+ Kh6 52. Bxh4 Kxh5 53. Bg3 Kxg6 54. Bf4 Rf8 55. Ra6 Kf5 56. Rc5+ 1-0

[Event "Swiss Queens Wed #48"]
[Site "FIDE Online Arena INT"]
[Date "2024.12.25"]
[Round "3"]
[White "Girya, Olga"]
[Black "Caku, Kler"]
[Result "1-0"]
[WhiteElo "2398"]
[BlackElo "2028"]
[PlyCount "173"]
[EventDate "2024.12.25"]
[EventType "swiss (blitz)"]
[EventRounds "11"]
[EventCountry "NET"]
[SourceTitle "CB02_2025"]
[SourceDate "2025.01.08"]
[SourceVersion "1"]
[SourceVersionDate "2025.01.08"]
[SourceQuality "1"]

1. d4 d5 2. Nf3 e6 3. c4 Nf6 4. Nc3 Be7 5. Bf4 0-0 6. e3 a6 7. cxd5 exd5 8. Bd3 c6 9. h3 Nbd7 10. 0-0 Re8 11. Qc2 Nf8 12. Ne5 Bd6 13. Bh2 Qe7 14. f4 N6d7 15. Rae1 f6 16. Nf3 Nb6 17. e4 dxe4 18. Rxe4 Qf7 19. Rxe8 Qxe8 20. Qb3+ Kh8 21. Qxb6 Qe3+ 22. Kh1 Qxd3 23. Rd1 Qc2 24. Rd2 Qc1+ 25. Nd1 Bf5 26. Qxb7 Re8 27. Bg3 Bc2 28. Qxc6 Rd8 29. Qxc2 Qa1 30. b3 Bb4 31. Qb2 Qxb2 32. Rxb2 Ne6 33. Rc2 Kg8 34. Rc4 a5 35. Ne3 Kf7 36. f5 Nf8 37. Rc7+ Kg8 38. Nc4 Nd7 39. Ra7 Nb8 40. Bxb8 Rxb8 41. a3 Bc3 42. Nxa5 Rb5 43. Nc6 Rxb3 44. d5 Rb1+ 45. Kh2 Rd1 46. Rd7 Kf8 47. d6 Ke8 48. Re7+ Kf8 49. Rd7 Ke8 50. Rd8+ Kf7 51. d7 g6 52. fxg6+ hxg6 53. Kg3 g5 54. Kf2 Rd6 55. Rb8 Rxd7 56. Ra8 Rc7 57. Ra7 Rxa7 58. Nxa7 Ba5 59. Nb5 Bb6+ 60. Ke2 Ke6 61. a4 Kd5 62. Kd3 Kc5 63. Nd2 Kb4 64. Ne4 Bd8 65. Nbc3 f5 66. Nd6 f4 67. Nde4 Be7 68. Nd2 Bd8 69. Nf3 Ka5 70. Ne4 Kxa4 71. Nexg5 Kb5 72. Ke4 Kc5 73. Ne6+ Kd6 74. Nxd8 Ke7 75. Kxf4 Kxd8 76. h4 Ke7 77. h5 Kf7 78. Kg5 Kg7 79. h6+ Kh7 80. Kh5 Kh8 81. g4 Kh7 82. g5 Kh8 83. g6 Kg8 84. Ng5 Kh8 85. Nf7+ Kg8 86. h7+ Kg7 87. h8Q# 1-0

[Event "Swiss Queens Wed #48"]
[Site "FIDE Online Arena INT"]
[Date "2024.12.25"]
[Round "5"]
[White "Girya, Olga"]
[Black "Tran, Hoang Bao An"]
[Result "1-0"]
[WhiteElo "2398"]
[BlackElo "1669"]
[PlyCount "93"]
[EventDate "2024.12.25"]
[EventType "swiss (blitz)"]
[EventRounds "11"]
[EventCountry "NET"]
[SourceTitle "CB02_2025"]
[SourceDate "2025.01.08"]
[SourceVersion "1"]
[SourceVersionDate "2025.01.08"]
[SourceQuality "1"]

1. d4 d5 2. c4 e6 3. Nf3 Nf6 4. Nc3 c5 5. e3 Nc6 6. a3 a5 7. dxc5 Bxc5 8. cxd5 Nxd5 9. Nxd5 exd5 10. Be2 0-0 11. 0-0 d4 12. Qc2 Ba7 13. Rd1 Bg4 14. Nxd4 Nxd4 15. exd4 Rc8 16. Qe4 Bxe2 17. Qxe2 Qd5 18. Be3 Rc4 19. Rac1 Rfc8 20. Rxc4 Rxc4 21. h3 h6 22. Qd2 Rc6 23. Rc1 a4 24. Rxc6 bxc6 25. Qc3 Qb5 26. Qc2 Bb8 27. Qe4 Qb3 28. g3 Qe6 29. Qxe6 fxe6 30. Kf1 Kf7 31. Ke2 Kf6 32. Kd3 Bd6 33. Kc4 Kf5 34. b3 axb3 35. Kxb3 Ke4 36. a4 Bc7 37. Kb4 g5 38. a5 h5 39. a6 Bb6 40. Kc4 g4 41. hxg4 hxg4 42. Bf4 Bxd4 43. Be3 c5 44. Bxd4 cxd4 45. a7 d3 46. a8Q+ Ke5 47. Kxd3 1-0

[Event "Swiss Queens Wed #47"]
[Site "FIDE Online Arena INT"]
[Date "2024.12.18"]
[Round "7"]
[White "Arabidze, Meri"]
[Black "Girya, Olga"]
[Result "1/2-1/2"]
[WhiteElo "2457"]
[BlackElo "2398"]
[PlyCount "128"]
[EventDate "2024.12.18"]
[EventType "swiss (blitz)"]
[EventRounds "11"]
[EventCountry "NET"]
[SourceTitle "CB52_2024"]
[SourceDate "2024.12.25"]
[SourceVersion "1"]
[SourceVersionDate "2024.12.25"]
[SourceQuality "1"]

1. Nf3 Nf6 2. c4 e6 3. g3 d5 4. Bg2 Be7 5. 0-0 0-0 6. d4 dxc4 7. Qc2 a6 8. a4 b6 9. Qxc4 Bb7 10. Nc3 b5 11. Qd3 b4 12. Nb1 c5 13. Nbd2 Nbd7 14. Nc4 Be4 15. Qe3 cxd4 16. Qxd4 Nc5 17. Bf4 Nb3 18. Qxd8 Rfxd8 19. Rad1 Nd5 20. Nfe5 Bxg2 21. Kxg2 Rac8 22. Ne3 Nxf4+ 23. gxf4 f6 24. N5c4 Nc5 25. a5 Nb3 26. h3 Rxd1 27. Rxd1 Rd8 28. Re1 Bc5 29. f5 Kf7 30. fxe6+ Kxe6 31. h4 h5 32. Rg1 Bxe3 33. Nxe3 Rd2 34. Kf1 Kf7 35. Nc4 Rc2 36. Nd6+ Ke6 37. Ne8 Rc1+ 38. Kg2 Rxg1+ 39. Kxg1 g5 40. hxg5 fxg5 41. Nc7+ Ke5 42. Nxa6 Nxa5 43. Nxb4 Nc4 44. Nd3+ Kd4 45. Kg2 Nd6 46. b4 Ne4 47. Kf3 Nd2+ 48. Kg3 Ne4+ 49. Kg2 Nc3 50. Kf1 h4 51. Nc5 Kd5 52. e3 Nb5 53. Kg2 Nd6 54. Nd3 Kc4 55. Ne5+ Kxb4 56. Nf3 Nf7 57. Kh3 Kc3 58. Kg4 Kd3 59. Nxh4 gxh4 60. Kxh4 Ke4 61. Kg3 Ne5 62. f4 Nc4 63. Kf2 Nxe3 64. f5 Nxf5 1/2-1/2

[Event "Swiss Queens Wed #47"]
[Site "FIDE Online Arena INT"]
[Date "2024.12.18"]
[Round "8"]
[White "Girya, Olga"]
[Black "Kavitha, JE."]
[Result "1-0"]
[WhiteElo "2398"]
[BlackElo "2134"]
[PlyCount "25"]
[EventDate "2024.12.18"]
[EventType "swiss (blitz)"]
[EventRounds "11"]
[EventCountry "NET"]
[SourceTitle "CB52_2024"]
[SourceDate "2024.12.25"]
[SourceVersion "1"]
[SourceVersionDate "2024.12.25"]
[SourceQuality "1"]

1. d4 Nf6 2. c4 g6 3. Nc3 Bg7 4. e4 d6 5. Nf3 0-0 6. Be2 Nbd7 7. Be3 e5 8. 0-0 Ne8 9. Qc2 c5 10. dxc5 dxc5 11. Rfd1 Qc7 12. Nd5 Qc6 13. Ne7+ 1-0

[Event "Swiss Queens Wed #47"]
[Site "FIDE Online Arena INT"]
[Date "2024.12.18"]
[Round "2"]
[White "Girya, Olga"]
[Black "Sachi, Jain"]
[Result "1/2-1/2"]
[WhiteElo "2398"]
[BlackElo "2036"]
[PlyCount "125"]
[EventDate "2024.12.18"]
[EventType "swiss (blitz)"]
[EventRounds "11"]
[EventCountry "NET"]
[SourceTitle "CB52_2024"]
[SourceDate "2024.12.25"]
[SourceVersion "1"]
[SourceVersionDate "2024.12.25"]
[SourceQuality "1"]

1. d4 d5 2. Nf3 c6 3. c4 Bf5 4. Qb3 Qb6 5. cxd5 Qxb3 6. axb3 cxd5 7. Nc3 e6 8. Nb5 Na6 9. Rxa6 bxa6 10. Nc7+ Kd7 11. Nxa8 Bd6 12. e3 Ne7 13. Bxa6 Rxa8 14. Bb5+ Nc6 15. Bd2 Rb8 16. Ba4 Bc2 17. Bc3 Bxb3 18. Bxb3 Rxb3 19. Kd2 f6 20. Ra1 Kc7 21. Ne1 Rb7 22. Nd3 Kb8 23. Kc2 Rc7 24. Ra4 a5 25. Kd2 Ra7 26. f3 Bxh2 27. f4 g5 28. fxg5 fxg5 29. Nc5 e5 30. Ra1 exd4 31. exd4 Bf4+ 32. Kd3 Bd6 33. Ne6 Re7 34. Nxg5 Bf4 35. Nxh7 Rxh7 36. Bxa5 Rg7 37. Bc3 Rg3+ 38. Kc2 Rxg2+ 39. Kb3 Kb7 40. Re1 Bd6 41. Re6 Kc7 42. Rh6 Rg3 43. Rh7+ Kb6 44. Kc2 Kb5 45. Rh6 Bf4 46. Re6 Nb4+ 47. Bxb4 Kxb4 48. Rc6 Be3 49. Rc5 Rg5 50. Kd3 Bf2 51. Rc8 Rg4 52. Rb8+ Ka5 53. Rd8 Rxd4+ 54. Kc3 Be3 55. b4+ Rxb4 56. Ra8+ Kb5 57. Rb8+ Kc5 58. Rc8+ Kb5 59. Rb8+ Bb6 60. Rxb6+ Kxb6 61. Kxb4 d4 62. Kc4 Kc6 63. Kxd4 1/2-1/2

[Event "Swiss Queens Wed #46"]
[Site "FIDE Online Arena INT"]
[Date "2024.12.11"]
[Round "9"]
[White "Ambartsumova, Karina"]
[Black "Girya, Olga"]
[Result "1-0"]
[WhiteElo "2405"]
[BlackElo "2398"]
[PlyCount "191"]
[EventDate "2024.12.11"]
[EventType "swiss (blitz)"]
[EventRounds "11"]
[EventCountry "NET"]
[SourceTitle "CB51_2024"]
[SourceDate "2024.12.18"]
[SourceVersion "1"]
[SourceVersionDate "2024.12.18"]
[SourceQuality "1"]

1. Nf3 Nf6 2. c4 e6 3. e3 d5 4. Nc3 Be7 5. b3 0-0 6. Bb2 c5 7. cxd5 exd5 8. d4 Nc6 9. Be2 Ne4 10. 0-0 Bf6 11. Na4 cxd4 12. Nxd4 Qa5 13. Nxc6 bxc6 14. Bxf6 Nxf6 15. Rc1 Bd7 16. Qd4 Rfe8 17. Rc5 Qd8 18. Rc2 Ne4 19. Nc5 Bf5 20. Rcc1 Qg5 21. Bf3 Qg6 22. Rfe1 Ng5 23. Qd1 Nxf3+ 24. Qxf3 h5 25. h3 h4 26. Kh1 Be4 27. Nxe4 Rxe4 28. Rc5 Rae8 29. Rec1 R8e6 30. Ra5 Rf6 31. Qe2 Re7 32. Qd2 Qf5 33. Rf1 Rg6 34. Ra4 Qf6 35. Rf4 Qg5 36. Rg4 Qf6 37. Rxg6 Qxg6 38. Rc1 Qf6 39. Qc2 Re5 40. Kg1 Re6 41. Qc5 Qb2 42. Qc2 Qe5 43. Qd2 Qf5 44. b4 Rf6 45. a3 g5 46. Rf1 g4 47. hxg4 Qxg4 48. Qd4 Qg5 49. Kh1 h3 50. gxh3 Rh6 51. Kh2 Rg6 52. Qg4 Qe5+ 53. Qf4 Qb2 54. Qf3 Qe5+ 55. Qf4 Qb2 56. Rg1 Rxg1 57. Kxg1 Qxa3 58. Kg2 Qa4 59. Qd4 a5 60. Qg4+ Kf8 61. Qc8+ Kg7 62. bxa5 Qxa5 63. Qxc6 Qd2 64. Qc5 Kh7 65. Qd4 Qa5 66. Qh4+ Kg7 67. Qg4+ Kf8 68. Qd4 Qb5 69. h4 Qc6 70. h5 Qe6 71. Qh4 Qf5 72. h6 Kg8 73. Qd4 Qg6+ 74. Kf1 Qxh6 75. Qxd5 Qh3+ 76. Qg2+ Qxg2+ 77. Kxg2 Kg7 78. Kf3 Kf6 79. Kf4 Ke6 80. f3 Kf6 81. e4 Ke6 82. Kg5 Ke5 83. Kg4 Ke6 84. Kf4 Kf6 85. Ke3 Ke5 86. f4+ Ke6 87. Kd4 Kd6 88. e5+ Ke6 89. Ke4 Ke7 90. Kf5 Ke8 91. Kf6 Kf8 92. f5 Ke8 93. Kg7 Ke7 94. f6+ Ke8 95. Kg8 Kd7 96. Kxf7 1-0

[Event "Swiss Queens Wed #46"]
[Site "FIDE Online Arena INT"]
[Date "2024.12.11"]
[Round "2"]
[White "Arabidze, Meri"]
[Black "Girya, Olga"]
[Result "1-0"]
[WhiteElo "2457"]
[BlackElo "2398"]
[PlyCount "101"]
[EventDate "2024.12.11"]
[EventType "swiss (blitz)"]
[EventRounds "11"]
[EventCountry "NET"]
[SourceTitle "CB51_2024"]
[SourceDate "2024.12.18"]
[SourceVersion "1"]
[SourceVersionDate "2024.12.18"]
[SourceQuality "1"]

1. Nf3 Nf6 2. c4 e6 3. g3 d5 4. Bg2 Be7 5. 0-0 0-0 6. d4 dxc4 7. Qc2 a6 8. a4 b6 9. Nbd2 Bb7 10. Nxc4 Nc6 11. Rd1 Nb4 12. Qb3 Bd5 13. Nfe5 b5 14. Bxd5 Qxd5 15. Na5 Qxb3 16. Nxb3 Nc2 17. Nc6 Bd6 18. Ra2 Nb4 19. Nxb4 Bxb4 20. Bd2 Bd6 21. Rda1 bxa4 22. Na5 Rab8 23. Bc3 a3 24. bxa3 Nd5 25. Be1 c5 26. e4 Ne7 27. e5 Bc7 28. dxc5 Rb5 29. Nc4 Nc6 30. f4 Rxc5 31. Ne3 Bb6 32. Bf2 Rb5 33. Nc4 Bxf2+ 34. Kxf2 Nd4 35. Nd6 Rb3 36. Rd2 Nb5 37. a4 Nc7 38. Rc1 Nd5 39. Rc6 f6 40. exf6 Nxf6 41. Rxa6 e5 42. f5 Ra3 43. Kg2 e4 44. Re2 e3 45. Nc4 Nd5 46. Nxa3 Rxf5 47. Ra8+ Kf7 48. Nc4 Rf6 49. Nxe3 Re6 50. Rf2+ Nf6 51. Ng4 1-0